00589cam a2200205 a 4500001001300000003000400013005001700017008004100034010001700075040001300092050001900105100004300124245006900167250002000236260005400256300002100310546001600331500001900347999001700366sa 68008653 DLC20260227112534.0980130s1960 ii 000 0 mar  asa 68008653  aDLCcDLC00aPK2418.M28bU41 aMadgulkar, Vyankatesh Digambar,d1927-10aUmbaraṭha. /c[Lekhaka] Vyaṅkaṭeśa Māḍagūḷakara. a[1. āvr̥tti] aMuṃbaī :bMauja Prakāśana Gr̥ha,c[1960] a168 p. ;c19 cm. aIn Marathi. aShort stories. c82480d82480